| 000 | 00542cam a2200217ua 4500 | ||
|---|---|---|---|
| 001 | 8569 | ||
| 005 | 20260515114342.0 | ||
| 008 | 150206n ii |||gr||||Z||||||eng | ||
| 020 | _a9788178808320 | ||
| 040 | _cMAIN | ||
| 041 | _aeng | ||
| 082 | _a820.6 | ||
| 100 |
_aLal, M., _eAuthor. |
||
| 245 | 1 |
_aPrinciples guide to effective letter writing _cBy Mehek Lal |
|
| 250 | _a1st. | ||
| 260 |
_aNew Delhi: _bRajat, _c2011. |
||
| 300 | _aviii,300p. | ||
| 653 | _aEnglish.& Old English literatures | ||
| 653 | _aEnglish letter | ||
| 942 | _cBK | ||
| 999 |
_c7664 _d7664 |
||